000 00465nam a2200193Ia 4500
003 OSt
005 20250819094858.0
008 250729s2005 xx 000 0 und d
020 _a978-8176488815
040 _cAL
041 _aeng
082 _a500.7 SINT
100 _aMishra B C
_9221436
245 _aEarly childhoodcare and education
260 _aNew Delhi
_bA P H Publishing
_c2005
300 _a259p
650 _aScience
_9221437
942 _2ddc
_cBED
999 _c235010
_d235010